| 000 | 01471nam a22002417a 4500 | ||
|---|---|---|---|
| 999 |
_c63041 _d63041 |
||
| 003 | Ge_BSU | ||
| 005 | 20250522172050.0 | ||
| 008 | 250522s2024 ge ||||| |||| 00| 0 geo d | ||
| 020 | _a 9789941380709 | ||
| 041 | _ageo | ||
| 080 | _a327 დ-45 | ||
| 245 |
_aდიდი წიგნი პოლიტიკაზე / _cთარგმანი: მანანა მათიაშვილი; ნინო ჭინჭარაული; ანა დარსაველიძე; რედ. ზ. აბაშიძე, თ. ჯანთიშვილი, ს. კვარაცხელია და სხვ. |
||
| 264 |
_aთბილისი : _bპალიტრა L, _c2024. |
||
| 300 |
_a 352 გვ.: _bილ.; _c24 სმ. |
||
| 500 | _aგანმარტ. ლექსიკონი გვ.340-343 საძიებ. გვ.344-350 | ||
| 700 |
_aმათიაშვილი, მანანა _eმთარგმნელი _925092 |
||
| 700 |
_aჭინჭარაული, ნინო _eმთარგმნელი _925093 |
||
| 700 |
_aდარსაველიძე, ანა _eმთარგმნელი _925094 |
||
| 700 |
_aაბაშიძე, ზ. _eრედაქტორი _925095 |
||
| 700 |
_aჯანთისვილი, თ. _eრედაქტორი _925096 |
||
| 700 |
_aკვარაცხელია, ს. და სხვ _eრედაქტორი _925097 |
||
| 942 |
_2udc _cBK |
||